Study on the monopolies and restrictive trade practices act (1969) of India : Study prepared by the institute of company secretaries of India at the request of the UNCTAD secretariat
Uloženo v:
| Médium: | Kniha |
|---|---|
| Jazyk: | Undetermined |
| Vydáno: |
New York
United Nations
1976
|
| Témata: | |
| Tagy: |
Přidat tag
Žádné tagy, Buďte první, kdo otaguje tento záznam!
|
| Thư viện lưu trữ: | Trung tâm Học liệu Trường Đại học Cần Thơ |
|---|
| LEADER | 00623nam a2200181Ia 4500 | ||
|---|---|---|---|
| 001 | CTU_105508 | ||
| 008 | 210402s9999 xx 000 0 und d | ||
| 082 | |a 343.540723 | ||
| 082 | |b S933 | ||
| 245 | 0 | |a Study on the monopolies and restrictive trade practices act (1969) of India : | |
| 245 | 0 | |b Study prepared by the institute of company secretaries of India at the request of the UNCTAD secretariat | |
| 260 | |a New York | ||
| 260 | |b United Nations | ||
| 260 | |c 1976 | ||
| 650 | |a Restraint of trade,Antitrust law | ||
| 650 | |z India,India | ||
| 904 | |i Truc | ||
| 980 | |a Trung tâm Học liệu Trường Đại học Cần Thơ | ||